Holidays by Emojis - Statistics

General Stats
  • This quiz has been taken 107 times
    105 since last reset
  • The average score is 7 of 12
Answer Stats
Emojis Holiday % Correct
πŸŽ…πŸŽ„πŸŽ Christmas
99%
πŸŽƒπŸ‘»πŸ’€ Halloween
97%
πŸ₯šπŸ•΅οΈπŸ° Easter
95%
πŸ’–πŸ’ŒπŸ˜ Valentine's Day
73%
πŸ¦ƒπŸ—πŸ½οΈ Thanksgiving
72%
☘️🍺🌈 St. Patrick's Day
64%
🌎 πŸš―πŸ—‘οΈ Earth Day
56%
πŸ“…πŸ’€πŸ‡²πŸ‡½ Day of the Dead
33%
πŸŸ₯🎁πŸ₯Š Boxing Day
27%
β¬›πŸ’°πŸ“† Black Friday
25%
πŸ₯³πŸŽ†πŸ“… New Year's Day
21%
πŸ‘¨πŸ€— πŸ™ Father's Day
13%
No matching quizzes found
Score Distribution
Percent of People with Each Score
Percentile by Number Answered
Your Score History
You have not taken this quiz since the last reset